Sudoku Unlimited (Record no. 91049)

MARC details
000 -LEADER
fixed length control field 00858nji a22002177a 4500
005 - DATE AND TIME OF LATEST TRANSACTION
control field 20150127122115.0
007 - PHYSICAL DESCRIPTION FIXED FIELD--GENERAL INFORMATION
fixed length control field cd
008 - FIXED-LENGTH DATA ELEMENTS--GENERAL INFORMATION
fixed length control field 150127b xxu||||| |||| 00| 0 eng d
010 ## - LIBRARY OF CONGRESS CONTROL NUMBER
LC control number dvd-008365-66
024 ## - OTHER STANDARD IDENTIFIER
Terms of availability 595.00
082 ## - DEWEY DECIMAL CLASSIFICATION NUMBER
Classification number cd
245 ## - TITLE STATEMENT
Title Sudoku Unlimited
Statement of responsibility, etc Britannica
260 ## - PUBLICATION, DISTRIBUTION, ETC. (IMPRINT)
Place of publication, distribution, etc N.Delhi
Name of publisher, distributor, etc BRI
Date of publication, distribution, etc 2007
270 ## - ADDRESS
Address A-41.Ground Floor(L-2) Mohan Cooperative Ind.Estate,Man Mathura Road
City N.Delhi
Country India
300 ## - PHYSICAL DESCRIPTION
Extent disc (cd)
500 ## - GENERAL NOTE
General note Generate unlimited Puzzies
521 ## - TARGET AUDIENCE NOTE
Target audience note Auto-generate unlimited new puzzles 5 game modes Quick and intuitive number entry.
538 ## - SYSTEM DETAILS NOTE
System details note Choose from 4x4 and 9x9 grids,multiple difficulty levels,and more
942 ## - ADDED ENTRY ELEMENTS (KOHA)
Source of classification or shelving scheme Dewey Decimal Classification
Item type CD-ROMs, DVDs, VHS
Classification part BRI
Holdings
Withdrawn status Lost status Source of classification or shelving scheme Damaged status Not for loan Home library Current library Date acquired Cost, normal purchase price Total Checkouts Full call number Barcode Date last seen Date last borrowed Copy number Cost, replacement price Price effective from Koha item type
    Dewey Decimal Classification     Central Library Central Library 23/04/2015 595.00 1 BRI dvd-008365 04/05/2016 21/04/2016 1 595.00 23/04/2015 CD-ROMs, DVDs, VHS
    Dewey Decimal Classification     Janak Puri Janak Puri 23/04/2015 595.00   BRI dvd-008366 23/04/2015   1 595.00 23/04/2015 CD-ROMs, DVDs, VHS

© Delhi Public Library
Hit Counter
free hit counter